| 000 | 01438cac a22003731u 4500 | ||
|---|---|---|---|
| 003 | EG-ScBUE | ||
| 005 | 20220314102002.0 | ||
| 008 | 081201s1989 enka f b 000 1 eng d | ||
| 020 | _a0192817000 | ||
| 020 | _a9780192817006 | ||
| 040 |
_aEG-ScBUE _beng _erda _cEG-ScBUE _dEG-ScBUE |
||
| 041 | 1 |
_aeng _hfin |
|
| 082 | 0 | 4 |
_a894.5411 _bLON _222 |
| 100 | 1 |
_aLönnrot, Elias, _d1802-1884, _eauthor. |
|
| 245 | 1 | 4 |
_aThe Kalevala : _ban epic poem after oral tradition / _cby Elias Lönnrot ; translated from the Finnish with an introduction and notes by Keith Bosley ; and a foreword by Albert B. Lord. |
| 264 | 1 |
_aOxford : _bOxford University Press, _c1989. |
|
| 300 |
_alvi, 679 pages : _billustrations ; _c19 cm. |
||
| 336 |
_2rdacontent _atext _btxt |
||
| 337 |
_2rdamedia _aunmediated _bn |
||
| 338 |
_2rdacarrier _avolume _bnc |
||
| 490 | 0 | _aThe World's classics | |
| 500 | _aDistributer: Al-Ahram. | ||
| 500 | _aIncludes Appendices. | ||
| 504 | _aIncludes bibliographical references. | ||
| 546 | _aText in English ; translated from original Finnish. | ||
| 650 | 7 |
_aEpic poetry, Finnish _xTranslations into English. _2BUEsh _933616 |
|
| 650 | 7 |
_aFolklore _zFinland. _2BUEsh |
|
| 651 | _2BUEsh | ||
| 653 |
_bHHUUEENN _cMarch2022 |
||
| 655 |
_vReading book _934232 |
||
| 700 | 1 |
_aBosley, Keith, _etranslator. _eauthor of introduction, etc. |
|
| 700 | 1 |
_aLord, Albert Bates, _eauthor of introduction, etc. _935155 |
|
| 942 |
_cBB _2ddc |
||
| 999 |
_c5985 _d5985 |
||